Ostensible authority (Record no. 76303)
[ view plain ]
| 000 -LEADER | |
|---|---|
| fixed length control field | 01833cab a2200181 4500 |
| 001 - CONTROL NUMBER | |
| control field | ##L131989 |
| 008 - FIXED-LENGTH DATA ELEMENTS--GENERAL INFORMATION | |
| fixed length control field | 051220n2005 000 0 eng u |
| 035 ## - SYSTEM CONTROL NUMBER | |
| System control number | (Sirsi) u131989 |
| 041 0# - LANGUAGE CODE | |
| Language code of text/sound track or separate title | eng |
| 245 00 - TITLE STATEMENT | |
| Title | Ostensible authority |
| 260 ## - PUBLICATION, DISTRIBUTION, ETC. | |
| Date of publication, distribution, etc. | 2005 |
| 490 #0 - SERIES STATEMENT | |
| Series statement | Construction Industry Law Letter |
| Volume/sequential designation | December 2005 - January 2006, 2285-2288(4) |
| 520 ## - SUMMARY, ETC. | |
| Summary, etc. | Considers "GPN Ltd (in receivership) v O2 (UK) Ltd" ([2004] EWHC 2494 (TCC), 22 October 2004). O wished to negotiate with G in connection with the use of G3 technology at approximately 1900 of O's sites. A number of meetings took place between G and O's quantity surveyors, M, in connection with the terms of the proposed contract; on some occasions M agreed terms without referring back to O, although on others M did refer back for instructions. In February 2002, the only outstanding matter related to the exact number of sites in the project. G contended that this was agreed orally with M, thus completing the contract. Upon dispute as to G's entitlement to payment, the matter was referred to an adjudicator who made an award in G's favour, which G sought to enforce. O contended that M had had no authority to conclude a contract on its behalf. G argued that by its conduct, O had represented that M both had authority to act on O's behalf and specifically to bind O in relation to the contract. "Held' G had been unable to demonstrate the clear evidence necessary to rebut the presumption that M, as professional quantity surveyors, did not have ostensible authority to conclude a contract on behalf of O. |
| 590 ## - LOCAL NOTE (RLIN) | |
| Local note | IKA030106 |
| 650 24 - SUBJECT ADDED ENTRY--TOPICAL TERM | |
| Topical term or geographic name entry element | GPN LTD (IN RECEIVERSHIP) V O2 (UK) LTD |
| 690 ## - LOCAL SUBJECT ADDED ENTRY--TOPICAL TERM (OCLC, RLIN) | |
| Topical term or geographic name as entry element | MANAGEMENT-DISPUTE AVOIDANCE, MANAGEMENT AND RESOLUTION-DISPUTE MANAGEMENT AND RESOLUTION-ALTERNATIVE DISPUTE RESOLUTION-ADJUDICATION-ADJUDICATION AWARDS |
| 942 ## - ADDED ENTRY ELEMENTS (KOHA) | |
| Suppress in OPAC | 0 |
| Withdrawn status | Lost status | Source of classification or shelving scheme | Damaged status | Not for loan | Home library | Current library | Shelving location | Date acquired | Total Checkouts | Full call number | Barcode | Date last seen | Copy number | Price effective from | Koha item type |
|---|---|---|---|---|---|---|---|---|---|---|---|---|---|---|---|
| Dewey Decimal Classification | London | London | Journal article | 20/12/2005 | L131989 | 131989-1001 | 06/08/2019 | 1 | 06/08/2019 | Journal article |